| 000 | 00487nam a2200181Ia 4500 | ||
|---|---|---|---|
| 001 | 14218 | ||
| 005 | 20260306164858.0 | ||
| 008 | 260306t1997||||xx |||||||||||||| ||spa|| | ||
| 041 | _aESP | ||
| 082 |
_a510.0711 _bH14 |
||
| 100 |
_aHaeussler Jr., Ernest F. _eAUT |
||
| 245 | 0 | _aMatemáticas para administracion, economía, ciencias sociales y de la vida | |
| 260 | _c1997 | ||
| 300 |
_axviii, 941 páginas : _c25 cm. |
||
| 650 | _aGEN | ||
| 654 | _aCMA | ||
| 942 |
_cLIB _dJUS _fJUS _2ddc _n |
||
| 999 |
_c14218 _d14218 |
||